| 000 | 00670nam a22002177a 4500 | ||
|---|---|---|---|
| 003 | OSt | ||
| 005 | 20240627012809.0 | ||
| 008 | 240627b |||||||| |||| 00| 0 eng d | ||
| 020 | _a9781260084764 | ||
| 040 |
_aDWC- Main Lib _cOC |
||
| 082 | _aCirc. 658.87 L668r 2019 | ||
| 100 | _aLevy, Michael | ||
| 245 |
_aRetailing management / _cMichael Levy Barton A. Weitz Dhruv Grewal. |
||
| 260 |
_aNY: _bMcGraw-Hill Education, _cc2019. |
||
| 300 |
_axiii, 582 pages: _bcolor illustrations; _c27cm. |
||
| 504 | _aIncludes index and glossary. | ||
| 600 | _aWeitz, Barton A. | ||
| 600 | _aGrewal, Dhruv | ||
| 650 | _a1. Retail trade-Management. | ||
| 942 |
_2ddc _cBK-CIRC _n1 |
||
| 999 |
_c1444 _d1444 |
||